Catálogo
 En Linea

Actuaciones en las alteraciones del sueño de los niños / (Registro nro. 40042)

Detalles MARC
000 -CABECERA
campo de control de longitud fija 00717nam a2200205 a 4500
001 - NÚMERO DE CONTROL
campo de control 000040552
005 - FECHA Y HORA DE LA ÚLTIMA TRANSACCIÓN
campo de control 20201002034217.0
008 - DATOS DE LONGITUD FIJA--INFORMACIÓN GENERAL
campo de control de longitud fija 130830s2012 sp r 000 0 spa d
020 ## - NÚMERO INTERNACIONAL ESTÁNDAR DEL LIBRO
Número Internacional Estándar del Libro 9788469521267
040 ## - FUENTE DE LA CATALOGACIÓN
Centro catalogador/agencia de origen DO-SdBNP
Lengua de catalogación spa
Centro/agencia transcriptor BNPHU
082 ## - NÚMERO DE LA CLASIFICACIÓN DECIMAL DEWEY
Número de clasificación xxxx
Número de documento/Ítem xxxx
100 1# - ENTRADA PRINCIPAL--NOMBRE DE PERSONA
Nombre de persona Vázquez Serrano, Carmen
9 (RLIN) 66872
245 10 - MENCIÓN DE TÍTULO
Título Actuaciones en las alteraciones del sueño de los niños /
Mención de responsabilidad, etc. Carmen Vázquez Serrano, Francisca socorro López López, Camen Ríos Paredes.
260 ## - PUBLICACIÓN, DISTRIBUCIÓN, ETC.
Lugar de publicación, distribución, etc. Madrid :
Nombre del editor, distribuidor, etc. Gráfica Alhambra,
Fecha de publicación, distribución, etc. 2012.
300 ## - DESCRIPCIÓN FÍSICA
Extensión 87 p. ;
Dimensiones 22 cm.
504 ## - NOTA DE BIBLIOGRAFÍA, ETC.
Nota de bibliografía, etc. Bibliografía : p. 87
590 ## - NOTA LOCAL (RLIN)
Nota local Inventariado, 2019/BT
700 1# - PUNTO DE ACCESO ADICIONAL--NOMBRE DE PERSONA
Nombre de persona López López, Francisca socorro
9 (RLIN) 66875
700 1# - PUNTO DE ACCESO ADICIONAL--NOMBRE DE PERSONA
Nombre de persona Ríos Paredes, Carmen
9 (RLIN) 66874
Existencias
Estado de retiro Estado de pérdida Restricciones de uso No para préstamo Código de colección Localización permanente Ubicación/localización actual Ubicación en estantería Fecha de adquisición Número de inventario Total de préstamos Signatura topográfica completa Código de barras Fecha visto por última vez Precio válido a partir de Tipo de ítem Koha
      Excluido de préstamo Monografías: Libros y Folletos General General Depósito 30.08.2013 LF1   xxxx xxxx 40552-10 25.06.2020 25.06.2020 No se presta

Con tecnología Koha